| 000 | 00750cam a22002411 4500 | ||
|---|---|---|---|
| 001 | sa 68013644 | ||
| 003 | DLC | ||
| 005 | 20260227112623.0 | ||
| 008 | 890925s1960 io 000 0 ara | ||
| 010 | _asa 68013644 | ||
| 035 | _a(OCoLC)23494036 | ||
| 040 |
_aDLC _cMiU _dDLC |
||
| 041 | 0 | _aaraind | |
| 050 | 0 | 0 |
_aBP135.A124 _bI5 1960 |
| 100 | 1 |
_aBukhārī, Muḥammad ibn Ismāʻīl, _d810-870. |
|
| 245 | 1 | 0 |
_aḤadith Bukhārī _bDitardjamahkan oleh Wardie dan Djuman. |
| 250 | _aTjet. 6. | ||
| 260 |
_aJogjakarta, _bPenjiaran Islam, _c1960. |
||
| 300 |
_a2 v. (1250 p.) _c25 cm. |
||
| 500 | _aArabic and Indonesian in parallel columns: Arabic text vocalized. | ||
| 500 | _aAn abridgment of al-Jāmiʻ al-ṣaḥīḥ. | ||
| 650 | 0 | _aHadith | |
| 999 |
_c85235 _d85235 |
||